00758nam a2200229 a 450000500170000000800410001704000270005804100080008510000280009324500780012124600800019926000390027930000450031865000100036365000200037365000250039365000290041865000250044765000150047265000160048770000250050320191224041506.0140113b1996 ck d gr|||| 00| 0 spa d aCO-BoIAVH cCO-BoIAVH  aspa1 aHerrera, Luisa Fernanda1 aAtlas de polen de plantas útiles y cultivadas de la Amazonia colombiana aPollen atlas of useful and cultivated plants in the Colombian amazon region aBogotábTropenbos Colombiac1996 a462 paginas. :bgraficos. ;c23 x 17 cm. 6aPolen 4aPlanta útiles 4aClaves taxonómicas 4aMétodos de laboratorio 4aUso de biodiversidad 4aEcología 4aInventarios1 aUrrego, Ligia Estela